Statistics for World of Warcraft Leaders Quiz

Click here to take the quiz!

General Stats

  • This quiz has been taken 146 times
  • The average score is 39 of 61

Answer Stats

HintAnswer% Correct
ScourgeLich King IIArthas Menethil
95%
Warlords of DraenorWarsong IIGarrosh Hellscream
94%
HordeOrc IIGarrosh Hellscream
94%
AllianceHuman IKing Varian Wrynn
92%
HordeForsakenSylvanas Windrunner
92%
HordeOrc IThrall
92%
IllidariDemon HuntersIllidan Stormrage
89%
Dragon AspectsBlackNeltharion the Earth Warder
89%
HordeTauren IIBaine Bloodhoof
88%
AllianceHuman IIKing Anduin Wrynn
88%
HordeTrollVol'jin
87%
Warlords of DraenorWarsong IGrommash Hellscream
86%
AllianceNight Elf IIMalfurion Stormrage
86%
AllianceNight Elf ITyrande Whisperwind
85%
Dragon AspectsGreenYsera the Dreamer
84%
AllianceDraeneiProphet Velen
83%
Old GodsKalimdorC'thun
82%
HordeTauren ICairne Bloodhoof
81%
Old GodsNorthrendYogg Saron
81%
Dragon AspectsBlueMalygos the Spellweaver
80%
AllianceWorgenKing Genn Greymane
79%
Old GodsNy'alothaN'zoth
79%
ScourgeLich King IIIBolvar Fordragon
78%
Warlords of DraenorFrostwolfDurotan
78%
Burning LegionThe DestroyerSargeras
78%
Warlords of DraenorBlackrockBlackhand
77%
IllidariBlood ElfKael'thas Sunstrider
77%
Burning LegionThe DefilerArchimonde
76%
ScourgeLich King INer'zhul
76%
Warlords of DraenorShadowmoonNer'zhul
76%
AllianceDwarf IKing Magni Bronzebeard
75%
Dragon AspectsBronzeNozdormu the Timeless One
74%
Burning LegionThe DecieverKil'jaeden
73%
Warlords of DraenorShadow CouncilGul'dan
72%
Dragon AspectsRedAlexstrasza the Life Binder
69%
HordeOrc IIIVarok Saurfang
68%
IllidariNagaLady Vashj
67%
AllianceDwarf II (Bronzebeard)Muradin Bronzebeard
67%
Dragon AspectsBlueKalecgos the Steward of Magic
65%
HordeBilgewater Cartel GoblinTrade Prince Jastor Gallywix
64%
HordeBlood ElfLor'themar Theron
61%
IllidariAshtongue BrokenAkama
58%
Council of ExarchsHigh VindicatorExarch Akama
58%
AllianceGnomeHigh Tinker Gelbin Mekkatorque
58%
Old GodsPandariaY'shaarj
58%
AllianceDwarf II (Dark Iron)Queen Regent Moira Thaurissan
57%
AllianceDwarf II (Wildhammer)Falstad Wildhammer
48%
Warlords of DraenorShattered HandKargath Bladefist
46%
HordeHuojin PandarenJi Firepaw
45%
Warlords of DraenorBleeding HollowKilrogg "Deadeye"
39%
AllianceTushui PandarenAysa Cloudsinger
32%
Council of ExarchsUnknownExarch Yrel
23%
Warlords of DraenorDragonmawZaela
11%
Council of ExarchsSha'tari ProcunsulExarch Othaar (Socrethar)
10%
Warlords of DraenorThunderlordFenris Wolfbrother
9%
Council of ExarchsChief ArtificerExarch Hataaru
8%
Council of ExarchsRangari PrimeExarch Naielle
7%
Warlords of DraenorBurning Blade IIAzuka Bladefury
6%
Warlords of DraenorLaughing SkullKaz the Shrieker
6%
Warlords of DraenorBurning Blade IDharl of the Thrice Bloodied Blade
4%
Council of ExarchsSpeaker for the DeadExarch Malaadar
4%

Score Distribution

Percentile by Number Answered

Percent of People with Each Score

Your Score History

You have not taken this quiz